Rolling Stone's 51 Greatest Artists - Statistics

General Stats
  • This quiz has been taken 59 times
  • The average score is 18 of 51
Answer Stats
# Artist % Correct
1. The Beatles
93%
4. The Rolling Stones
90%
35. Michael Jackson
83%
2. Bob Dylan
68%
14. Led Zeppelin
68%
3. Elvis Presley
66%
9. Aretha Franklin
63%
49. Elton John
56%
36. Madonna
54%
29. The Who
54%
18. Marvin Gaye
51%
30, Nirvana
51%
51. Pink Floyd
51%
27. Prince
51%
39. David Bowie
46%
6. Jimi Hendrix
44%
41. The Doors
44%
12. The Beach Boys
41%
38. John Lennon
39%
15. Stevie Wonder
39%
22. U2
37%
10. Ray Charles
34%
13. Buddy Holly
32%
5. Chuck Berry
32%
28. The Clash
32%
11. Bob Marley
29%
21. Otis Redding
29%
31. Johnny Cash
27%
26. The Ramones
27%
7. James Brown
24%
46. Janis Joplin
24%
8. Little Richard
24%
17. Muddy Waters
24%
16. Sam Cooke
24%
34. Neil Young
22%
47. Patti Smith
22%
50. The Band
22%
24. Jerry Lee Lewis
20%
42. Van Morrison
20%
23. Bruce Springsteen
17%
40. Simon and Garfunkel
17%
45. The Byrds
17%
48. Run-DMC
15%
44. Public Enemy
12%
37. Roy Orbison
12%
43. Sly and the Family Stone
12%
19. The Velvet Underground
12%
20. Bo Diddley
10%
25. Fats Domino
7%
32. Smokey Robinson and the Miracles
5%
33. The Everly Brothers
5%
No matching quizzes found
Score Distribution
Percent of People with Each Score
Percentile by Number Answered
Your Score History
You have not taken this quiz